University Home | Library Home | Institutional Repository

Social welfare services and social work in the Federal Republic of Germany / (Record no. 71779)

MARC details
000 -LEADER
fixed length control field 01575cam1a220032501 4500
001 - CONTROL NUMBER
control field lce00193750
008 - FIXED-LENGTH DATA ELEMENTS--GENERAL INFORMATION
fixed length control field 780103s1974 gw 001 0 eng
010 ## - LIBRARY OF CONGRESS CONTROL NUMBER
LC control number 76509958 //r852
015 ## - NATIONAL BIBLIOGRAPHY NUMBER
National bibliography number GFR75-A
020 ## - INTERNATIONAL STANDARD BOOK NUMBER
Terms of availability DM19.80
035 ## - SYSTEM CONTROL NUMBER
System control number (Sirsi) r79439
035 ## - SYSTEM CONTROL NUMBER
System control number (DLC) 76509958 //r852
035 ## - SYSTEM CONTROL NUMBER
System control number (UPRA)lce00193750
040 ## - CATALOGING SOURCE
Transcribing agency ICU
Modifying agency ICU
041 1# - LANGUAGE CODE
Language code of text/sound track or separate title eng ger
Language code of original eng ger
043 ## - GEOGRAPHIC AREA CODE
Geographic area code e-gw---
050 0# - LIBRARY OF CONGRESS CALL NUMBER
Classification number HV275
Item number .F5313
082 ## - DEWEY DECIMAL CLASSIFICATION NUMBER
Classification number 361/.943
100 1# - MAIN ENTRY--PERSONAL NAME
Personal name Flamm, Franz.
Linkage A39200.1
240 10 - UNIFORM TITLE
Uniform title Sozialwesen und Sozialarbeit in der Bundesrepublik Deutschland. English
Language of a work Sozialwesen und Sozialarbeit in der Bundesrepublik Deutschland. English
245 10 - TITLE STATEMENT
Title Social welfare services and social work in the Federal Republic of Germany /
Statement of responsibility, etc. Franz Flamm ; [transl. by Annette Brandeis].
260 ## - PUBLICATION, DISTRIBUTION, ETC.
Place of publication, distribution, etc. Frankfurt (Main) : Koln ; Stuttgart :
Name of publisher, distributor, etc. Deutscher Verein f. Offentl. u. Private Fursorge ; Grote [in Komm.],
Place of publication, distribution, etc. Frankfurt (Main) : Koln ; Stuttgart :
-- Frankfurt (Main) : Koln ; Stuttgart :
Name of publisher, distributor, etc. Deutscher Verein f. Offentl. u. Private Fursorge ; Grote [in Komm.],
Date of publication, distribution, etc. 1974.
440 #0 - SERIES STATEMENT/ADDED ENTRY--TITLE
Title Schriften des Deutschen Vereins fur Offentliche und Private Fursorge ;
Volume/sequential designation Schrift 250E
Linkage S6360.1
500 ## - GENERAL NOTE
General note Translation of Sozialwesen und Sozialarbeit in der Bundesrepublik Deutschland.
500 ## - GENERAL NOTE
General note Includes index.
650 #0 - SUBJECT ADDED ENTRY--TOPICAL TERM
Topical term or geographic name entry element Social service -- Germany (West)
Geographic subdivision Social service -- Germany (West)
Linkage S31106.1
651 #0 - SUBJECT ADDED ENTRY--GEOGRAPHIC NAME
Geographic name Germany (West) -- Social policy.
General subdivision Germany (West) -- Social policy.
Linkage S31107.1
949 ## - LOCAL PROCESSING INFORMATION (OCLC)
a HV275
w lcc
i -109420
m MAIN
t BOOK
l ON-SHELF

No items available.

© 2026 - The University of Zambia Library - Koha v25.11